000 00457cam a22001814a 4500
005 20250605164258.0
008 250528s ||||||||||||||||||||||||d
035 _a21973
040 _aGR-AtMCL
_bgre
_dGR-AtMCL
_eAACR2
245 1 _aΔΙΕΘΝΗΣ ΟΙΚΟΝΟΜΙΚΗ
250 _a1
260 _bΠουρναρακης,
_c1996
300 _a465
700 1 _aΠουρναρακης Ε.Δ
_95758
942 _cBK
999 _c7029
_d7029